00961nam a2200241 a 450000100100000000500170001000800410002702000150006804000250008304100380010808200150014610000350016124000340019624501470023026000450037730000370042253400420045970000300050170000430053104900090057495201190058399900170070200002618220200930024354.0110303s2001 mnua r 000 0 spa d a1567184987 aDO-SdBNPbspacBNPHU17aspaaeng2Código de idioma MARC aNNNbN561d1 aNewton, Michael,d1951-95319010aDestiny of souls.lEspañol.10aDestino de las almas :bun eterno crecimiento espiritual /cMichael Newton ; traducido al español por Jorge Camargo González, Edgar Rojas. aMinnesota :bLlewellyn Español,c2001. axv, 362, [6] p. :bil. ;c23 cm. aTítulo original:tDestiny of souls.1 aRojas, Edgar,etr.9313141 aCamargo González, Jorge,etr.953191 aBNGR 001054708MOaGRbGRcCTd2011-03-03iLF1l0oNNN N561dp26182-10r2020-06-25w2020-06-25y4ZPréstamo en sala c25674d25674